Métodos, planeamiento y equipos de construcción
| Main Author: | |
|---|---|
| Format: | Section = Libro |
| Language: | Undetermined Spanish |
| Published: |
México
Departament de Projectes
1963
|
| Subjects: |
| LEADER | 00485nam a2200181Ia 4500 | ||
|---|---|---|---|
| 008 | 240830s9999 xx 000 0 und d | ||
| 040 | |a B-ESTELÍ- RUACS / 690 P514 | ||
| 041 | |a spa | ||
| 082 | |a 690 P514 | ||
| 100 | 1 | |a Peurifoy, R.L | |
| 245 | 1 | 0 | |a Métodos, planeamiento y equipos de construcción |
| 260 | |a México |b Departament de Projectes |c 1963 | ||
| 300 | |a 597 p. : il | ||
| 650 | 7 | |a INGENIERÍA CIVIL | |
| 650 | 7 | |b CONSTRUCCION | |
| 942 | |c BK |2 ddc | ||
| 991 | |a TEXTO | ||
| 999 | |c 11583 | ||